Royal Botanic Garden Edinburgh : (Registro nro. 8717)

Detalles MARC
000 -CABECERA
Campo de control 00501nam a22001697a 4500
005 - FECHA Y HORA DE LA ULTIMA TRANSACCION
Campo de control 20140919111829.0
008 - ELEMENTOS DE LONGITUD FIJA—INFORMACION GENERAL
Campo de control 140919b2011 -ukil. | |||| 00| 0 eng d
041 ## - IDIOMA
Código de idioma para texto/pista de sonido o título separado Inglés
044 ## - PAÍS DE PUBLICACIÓN
País de publicación
082 04 - NUMERO DE CLASIFICACION DECIMAL DEWEY
Número de clasificación 580.73
Número del ítem R88a
245 00 - MENCION DE TITULO
Título Royal Botanic Garden Edinburgh :
Parte restante del título annual report 2010/11
260 ## - PUBLICACION, DISTRIBUCION, ETC. (PIE DE IMPRENTA)
Lugar de publicación, distribución, etc. Edinburgh,
Nombre del editor, distribuidor, etc. Royal Botanic Garden Edinburgh
Fecha de publicación, distribución, etc. 2011
300 ## - DESCRIPCION FISICA
Extensión 64 p.
Dimensiones 28 cm.
650 #4 - ASIENTO SECUNDARIO DE MATERIA - TERMINO TEMATICO
Término temático o nombre geográfico como elemento de entrada Jardines botánicos
Subdivisión general planes de acción
650 #4 - ASIENTO SECUNDARIO DE MATERIA - TERMINO TEMATICO
Término temático o nombre geográfico como elemento de entrada Botanic gardens
942 ## - ELEMENTOS ADICIONALES (KOHA)
Sistema de clasificación Dewey Decimal Classification
Tipo de ítem Libro
Existencias
Withdrawn status Lost status Sistema de Clasificación Damaged status No para préstamo Colección Inventariado Ubicación Permanente Ubicación actual Fecha de adquisición Fuente de Valor Valor Total Checkouts Número topográfico Inventario / Código de Barras Date last seen Ejemplar Price effective from Forma de adquisición Tipo de material
    Dewey Decimal Classification     General Inventariado 2017 Bogotá Bogotá 19/09/2014 Instituto 39000.00   LB-580.73 R88a 034391 19/09/2014 Ej. 1 19/09/2014   Libro